000 00616nam a2200229Ia 4500
003 OSt
005 20221005133522.0
006 a|||||r|||| 00| 0
007 ta
008 221004b |||||||| |||| 00| 0 eng d
024 _a58646
037 _cTextual
040 _aCRL
_cCRL
_beng
041 _2eng
_aeng
082 _aU8:2xD20, K1
100 _aWatters Thomas
245 0 _aYuan-Chwang's travels in India
_b A.D. 629-645 ed by T W Rhys Davids and S W Russell.
260 _c1961
650 _aGEOGRAPHY
942 _hU8:2xD20, K1
_cTEXL
_2cc
999 _c1067070
_d1067070